000 01042nam a22002897a 4500
003 CHAP
005 20220329143814.0
008 110913s2010 mx a r 00010 spa d
010 _a102103
011 _a103075
035 _a113764
040 _cCHAP
082 0 4 _a634
_bG93
245 0 0 _aGuía para la comprensión de los lineamientos técnicos para la operación orgánica :
_bfrutales orgánicos
_c/coordinado por Ramón Jarquín Gálvez ...[et al.]
260 _aMéxico :
_bSAGARPA,
_c2010
300 _a79 h. :
_bilus., cuadros, diagramas
590 _aBATCH-UPD
_b10
_c20130110
_lUCH01
_h1808
590 _aBATCH-UPD
_b10
_c20130410
_lUCH01
_h1144
590 _aBATCH-UPD
_b10
_c20130914
_lUCH01
_h1448
590 _aCONVERSION
_b10
_c20130109
_lUCH01
_h1356
650 1 4 _aArboles frutales
_xRendimiento.
_96689
650 1 4 _aFruticultura orgánica.
_943767
700 1 _aJarquín Gálvez, Ramón
_e, coord.
_961184
901 _aBK
942 _cLIBRO
949 _a634 G93
_bBC
_cLIBRO
_d33724002304918
_eLIBRO
_gDonaciØn
_h115834
_i113764
_sb
999 _c102103
_d102103